Προσωπικές ιστορίες και ιστορία : ο ιστορικός χώρος του Πόντου μέσα από την αυτοβιογραφία του Ιωάννη Αβρααμίδη

Αποθηκεύτηκε σε:
Λεπτομέρειες βιβλιογραφικής εγγραφής
Κύριος συγγραφέας: Παπαδάκη, Αντωνία
Άλλοι συγγραφείς: Πελαγίδης, Ευστάθιος (Συγγραφέας εισαγωγής κ.λπ.), Αργυρού, Έφη (Συγγραφέας εισαγωγής κ.λπ.)
Μορφή: Βιβλίο
Γλώσσα:Greek
Δημοσίευση: Θεσσαλονίκη : Αφοί Κυριακίδη, 2006
Θέματα:
Ετικέτες: Προσθήκη ετικέτας
Δεν υπάρχουν, Καταχωρήστε ετικέτα πρώτοι!

MARC

LEADER 00000cam a2200000 i 4500
001 1/57757
008 071010s2006 gr | ||| |||| ||gre||
020 |a 9603438707 
035 |l 10091370 
040 |a GR-MY-UA  |b gre  |e aacr 
041 0 |a gre 
082 0 |a 938.993  |2 (22) 
100 1 |a Παπαδάκη, Αντωνία. 
245 1 0 |a Προσωπικές ιστορίες και ιστορία :  |b ο ιστορικός χώρος του Πόντου μέσα από την αυτοβιογραφία του Ιωάννη Αβρααμίδη /  |c Αντωνία Παπαδάκη ; προλογίζουν ο Στάθης Πελαγίδης και η Έφη Αργυρού 
260 |a Θεσσαλονίκη :   |b Αφοί Κυριακίδη,   |c 2006 
300 |a 312 σ.;  |b εικ.;  |c 25 εκ. 
504 |a Βιβλιογραφία: σ. [265]-270 
600 1 0 |a Αβρααμίδης, Ιωάννης. 
650 0 0 |a Greeks  |z Pontus  |x History. 
650 0 0 |a Greeks  |z Pontus  |x Biography. 
700 1 |a Πελαγίδης, Ευστάθιος.  |4 aui 
700 1 |a Αργυρού, Έφη.  |4 aui 
852 |a INST  |b LESVOS  |e 20071010  |h 938.993 ΠΑΠ  |p 005100039012  |q 005100039012  |t BK  |y 0 
901 |a BIBL1-2007-3 
909 |a Λ  |b 139113 
922 |a 1ΕΛΗ  |b 200708  |c ΕΠΕΑΕΚ2/ΤΚΑ  |d Σ. ΠΑΤΑΚΗΣ 
970 |a ΒΑΡΚΑ  |b ΕΛΕΥΘΕΡΙΑ  |z 2007/10/10